Responses for show #4591 - Monday, July 19, 2004

Ken Jennings game 34.

Contestants

[<< previous game]

Tim Crockett, a casino worker from Las Vegas, Nevada

Beverly Herter, a freelance editor, writer and reporter from Portsmouth, Rhode Island

Ken Jennings, a software engineer from Salt Lake City, Utah (whose 33-day cash winnings total $1,100,460)

[next game >>]

Jeopardy! Round responses

DUDE, WHERE'S MY CZAR?
LONI, DONNY OR YANNI
NAMED AFTER JFK
WHAT 4
LOOK OUT!
THE "SKY" IS FALLING
    $200 16
Caesar

Ken
    $200 21
Loni Anderson

Ken
    $200 1
the Potomac River

Ken
    $200 6
home plate

Ken
    $200 24
an avalanche

Beverly
    $200 11
skydiving

Tim
    $400 17
Rasputin

Ken
    $400 22
(Ken: My man.)

Donny Osmond

Ken
    $400 2
Boston

Tim
    $400 7
Mao (Zedong)

Ken
    $400 30
flak

Tim
    $400 12
Skylab

Ken
    $600 18
Ivan the Terrible

Ken
    $600 23
Yanni

Tim
    $1,000 3
Berlin

Tim
    $600 8
the first one

Tim
    $600 25
(Tim: What is The Gong Show?)

Monty Python's Flying Circus

Tim
Triple Stumper
    $600 13
skybox

Tim
    $800 19
(Alex: Peter the Great, yes. He was looking towards Europe.)

Peter the Great

Ken
    $800 28
Loni Anderson

Ken
    $800 4
JFK Airport

Ken
    $800 9
The Four Seasons

Tim
    $800 26
Cessna

Triple Stumper
    $800 14
a Skylark

Triple Stumper
    $1000 20
the Romanov

Beverly
    $1000 29
Yanni

Ken
    $1000 5
Cape Canaveral

Tim
    $1000 10
Jehovah

Ken
    $1000 27
(Tim: What are rhinoceros?)

elephants

BeverlyTim
    $1000 15
the Toronto Skydome

Ken

Scores at the first commercial break (after clue 15):

Ken Beverly Tim
$4,000 $0 $4,600

Scores at the end of the Jeopardy! Round:

Ken Beverly Tim
$8,400 $2,200 $4,000

Double Jeopardy! Round responses

THE STAMP ACT
ALL SPORTS
COMPUTER PROGRAMS
CROSSWORD CLUES "M"
GREAT MOMENTS IN TRAVEL
MAPS
    $400 6
Daffy Duck

Beverly
    $400 1
a birdie

Tim
    $400 8
Office

Tim
    $400 16
(Ken: What are the [*], man?)

munchies

Ken
    $400 30
Switzerland

Ken
    $400 28
Ptolemy

Ken
    $800 7
snowboarding

Ken
    $800 2
skiing

Ken
    $800 9
(Beverly: Uh, what is data... oh... processing?)

database

KenBeverly
    $800 17
myopia

Ken
    $800 29
Around The World

Beverly
    $800 27
elevation

Beverly
    $1200 13
(Tim: What is Poland?)

Austria

Tim
Triple Stumper
    $1200 3
bowling

Beverly
    $1200 10
a firewall

Beverly
    $1200 18
microbe

Ken
    $1200 21
starboard

Tim
    $1200 22
global positioning system

Ken
    $1600 14
penny black

Ken
    $1600 4
bullfighting

Tim
    $1600 11
(Alex: Not so unusual.)

Photoshop

Ken
    $1600 19
ma'am

Tim
    $1600 23
a hostel

Ken
    $6,800 24
(Alex: You have $23,200.)
(Ken: Okay. Wow. I'm gonna wager $6,800, Alex.)
(Alex: Yup. I knew you would. I don't even need to hear from you anymore. I can just...)
(Ken: Why am I even here?)
[Laughter]
(Alex: Yeah, I can... No, I can make the wagers for you. You have to answer, uh, the clues.)
(Ken: Oh, okay.)
(Alex: I make the wager for you.)

the legend

Ken
    $2000 15
bicycles

Ken
    $2000 5
choke

Beverly
    $2000 12
Eudora

Ken
    $2000 20
mea culpa

Tim
    $5,000 25
(Ken: At this point, I can bet a little less. I'll bet $5,000.)
(Alex: You can bet a little less?)
(Ken: Just a little.)
(Alex: Oh. Why? Why can you bet less and not more since you have a bigger lead?)
(Ken: I'm trying to, uh, keep a good margin between the other two players.)
(Alex: Okay.)
...
(Ken: Oh. I don't know this.)
(Alex: No? You won't take a guess?
(Ken: No.)
(Alex: Name closely associated with travel internationally. [*]. [*]. Sells traveler checks also.)

Thomas Cook

Ken
    $2000 26
(Tim: What is the United States Geologic Survey?)

United States Geological Survey

KenTim

Scores at the end of the Double Jeopardy! Round:

Ken Beverly Tim
$27,800 $7,800 $8,000
(lock game)

[wagering suggestions for these scores]

Final Jeopardy! Round responses

OPERA
(Alex: [To Beverly, in a German accent] Sorry, that is wrong.)
...
(Alex: [To Ken] The opera premiered as Guillaume Tell. That's right. Rossini, of course, was Italian.)
BeverlyWhat is German?
$1,000
TimWhat is Russian?
$100
KenWhat is French?
$7,200
French

Final scores:

Ken Beverly Tim
$35,000 $6,800 $7,900
34-day champion: $1,135,460 3rd place: $1,000 2nd place: $2,000

Game dynamics:

Coryat scores:

Ken Beverly Tim
$27,600 $7,800 $7,600
31 R
(including 1 DD),
1 W
(including 1 DD)
9 R,
1 W
15 R
(including 1 DD),
4 W

Combined Coryat: $43,000

The J! Archive is created by fans, for fans. The Jeopardy! game show and all elements thereof, including but not limited to copyright and trademark thereto, are the property of Jeopardy Productions, Inc. and are protected under law. This website is not affiliated with, sponsored by, or operated by Jeopardy Productions, Inc. Join the discussion at JBoard.tv.